Projektové riadenie v investičnom procese: ako vyzerá aplikácia projektového riadenia do praxe?
Aplikácia projektového riadenia v spoločnosti Aiten, a.s., ktorá v rámci budovania Integrovaného informačného systému (IIS) Slovenských elektrární, a.s. v čiastkovom projekte Riadenie investičných projektov vytvorila jednotný systém plánovania a riadenia týchto projektov. Hlavné ciele projektu, stan...
Gespeichert in:
| Format: | Buchkapitel |
|---|---|
| Sprache: | Slowakisch |
| Schlagworte: | |
| Tags: |
Keine Tags, Fügen Sie das erste Tag hinzu!
|
MARC
| LEADER | 00000naa a2200000 4500 | ||
|---|---|---|---|
| 001 | r041213 | ||
| 005 | 20231002121117.3 | ||
| 041 | 0 | |a slo | |
| 044 | |a SK | ||
| 245 | 1 | 0 | |a Projektové riadenie v investičnom procese: ako vyzerá aplikácia projektového riadenia do praxe? |
| 520 | |a Aplikácia projektového riadenia v spoločnosti Aiten, a.s., ktorá v rámci budovania Integrovaného informačného systému (IIS) Slovenských elektrární, a.s. v čiastkovom projekte Riadenie investičných projektov vytvorila jednotný systém plánovania a riadenia týchto projektov. Hlavné ciele projektu, stanovenie priorít, plán projektu. Schéma riadenia projektu. | ||
| 610 | 2 | 0 | |a riadenie projektové |
| 610 | 2 | 0 | |a proces investičný |
| 610 | 2 | 0 | |a projekty |
| 610 | 2 | 0 | |a plánovanie projektové |